000 00695nam a2200229Ia 4500
003 OSt
005 20220918202537.0
006 a|||||r|||| 00| 0
007 ta
008 220917b |||||||| |||| 00| 0 eng d
024 _a101,998
037 _cTextual
040 _aARTS
_cARTS
_beng
041 _2eng
_aeng
082 _aV22.N29<-N16, K9
100 _aIrschick Eugene F
245 0 _aPolitics and social conflict in South India
_b The ninb Brahman movement and Tamil separatism 1916-1929
260 _aBombay
_bOxford University Press India
_c1969
650 _aHISTORY
942 _hV22.N29<-N16, K9
_cTEXL
_2CC
999 _c225458
_d225458